Normal view
MARC view
- Barmade Awanti
Entry Personal Name
001 - CONTROL NUMBER
- control field: 181643
003 - CONTROL NUMBER IDENTIFIER
- control field: OSt
005 - DATE AND TIME OF LATEST TRANSACTION
- control field: 20230601151113.0
008 - FIXED-LENGTH DATA ELEMENTS
- fixed length control field: 230601|| aca||aabn | a|a d
040 ## - CATALOGING SOURCE
- Original cataloging agency: OSt
- Transcribing agency: OSt
100 ## - HEADING--PERSONAL NAME
- Personal name: Barmade Awanti
670 ## - SOURCE DATA FOUND
- Source citation: Work cat.: (OSt)159704: Barmade Awanti, Linear Park: Finding Opportunities For Recreational UrbanLandscape Along The Streets, 2023